| 000 | 00387nam a22001217a 4500 | ||
|---|---|---|---|
| 082 | _a200 THE | ||
| 100 |
_aABDULLAH HASAN _969798 |
||
| 245 | _aTH-SOF-1528-PAPR Reduction in Filter Bank Multicarrier using Companding Techniques | ||
| 260 |
_aIslamabad _bNUST College of EME _c2018 |
||
| 650 |
_a MS-ELECT-2015 MSTHESIS _969477 |
||
| 700 | _aSupervisor DR. MUHAMMAD ZEESHAN | ||
| 942 | _cCF | ||
| 999 |
_c576918 _d576918 |
||